The money game
Kaydedildi:
| Yazar: | |
|---|---|
| Materyal Türü: | Kitap |
| Dil: | Undetermined |
| Baskı/Yayın Bilgisi: |
New York
Vintage Books
1969
|
| Konular: | |
| Etiketler: |
Etiketle
Etiket eklenmemiş, İlk siz ekleyin!
|
| Thư viện lưu trữ: | Trung tâm Học liệu Trường Đại học Cần Thơ |
|---|
| LEADER | 00510nam a2200193Ia 4500 | ||
|---|---|---|---|
| 001 | CTU_89170 | ||
| 008 | 210402s9999 xx 000 0 und d | ||
| 082 | |a 332.6 | ||
| 082 | |b S642 | ||
| 100 | |a Smith, Adam | ||
| 245 | 4 | |a The money game | |
| 245 | 0 | |c "Adam Smith." | |
| 260 | |a New York | ||
| 260 | |b Vintage Books | ||
| 260 | |c 1969 | ||
| 650 | |a Stock exchanges,Investment banking | ||
| 650 | |z United states,United states | ||
| 904 | |i M.Loan | ||
| 980 | |a Trung tâm Học liệu Trường Đại học Cần Thơ | ||